000 00254nam a2200109Ia 4500
008 190216s9999||||xx |||||||||||||| ||und||
100 _aS L Puram
245 0 _aChirikkatha Veedukal
260 _bCurrent Books
650 _aMalayalam Nadakam
942 _cBK
999 _c24062
_d24062